| 000 | 00648nam a2200181 i 4500 | ||
|---|---|---|---|
| 001 | 41467 | ||
| 003 | ES-MaACL | ||
| 005 | 20240222171229.0 | ||
| 007 | t| | ||
| 008 | 030310s1947 ag ||||1| spa d | ||
| 100 | 1 |
_aCasalduero, Joaquín, _d1903-1990 _936063 |
|
| 245 | 1 | 0 |
_aSentido y forma de "Los trabajos de Persiles y Sigismunda" / _cJoaquín Casalduero. |
| 260 |
_aBuenos Aires : _bEdit. Sudamericana, _c1947 ( _fImpresora Argentina) |
||
| 300 |
_a289 p. ; _c21 cm. |
||
| 600 | 1 | 7 |
_aCervantes Saavedra, Miguel de, _d1547-1616. _tLos trabajos de Persiles y Sigismunda _2 _9157465 |
| 852 |
_aES-MaACL _jD-5597 _bR.27244 |
||
| 999 |
_c41467 _d41467 |
||